[Event "NOR-ch"]
[Site "Sarpsborg"]
[Date "2018.07.08"]
[Round "3"]
[White "Johannessen, Leif Erlend"]
[Black "Haldorsen, Benjamin"]
[Result "0-1"]
[WhiteElo "2462"]
[BlackElo "2423"]
[PlyCount "111"]
[EventDate "2018.07.06"]
[EventType "swiss"]
[EventRounds "9"]
[EventCountry "NOR"]
[SourceTitle "CBM 185 Extra"]
[Source "ChessBase"]
[SourceDate "2018.07.29"]
[SourceVersion "1"]
[SourceVersionDate "2018.07.29"]
[SourceQuality "1"]

1. d4 d5 2. c4 e6 3. Nf3 Nf6 4. e3 c6 5. b3 Nbd7 6. Bd3 Bb4+ 7. Nbd2 0-0 8. 0-0 Qe7 9. Bb2 Ba3 10. Bxa3 Qxa3 11. e4 dxe4 12. Nxe4 c5 13. dxc5 Nxe4 14. Bxe4 Qxc5 15. Re1 Nf6 16. Qe2 a5 17. Rad1 a4 18. Ne5 axb3 19. axb3 Ra3 20. Bc2 b6 21. Rd3 Bb7 22. Rh3 g6 23. Qd2 Ra2 24. Qf4 Rxc2 25. Qxf6 Qd4 26. Rg3 Re2 27. Re3 Rxe3 28. fxe3 Qb2 29. e4 Bxe4 30. Qg5 f6 31. Qg3 Qd4+ 32. Qe3 Qxe5 33. Qxe4 Qxe4 34. Rxe4 Kf7 35. Kf2 e5 36. Re2 Rd8 37. Ke3 f5 38. Ra2 e4 39. b4 Rd3+ 40. Ke2 Ke6 41. Ra6 Rd6 42. Ra7 Rc6 43. Rb7 Ke5 44. Kd2 Rxc4 45. Rxb6 f4 46. Rb7 h5 47. Re7+ Kf6 48. Rb7 Kf5 49. Rb6 g5 50. h3 f3 51. gxf3 exf3 52. Ke3 Rc3+ 53. Kf2 g4 54. hxg4+ hxg4 55. Rb8 Rc2+ 56. Kf1 0-1

[Event "NOR-ch"]
[Site "Sarpsborg"]
[Date "2018.07.07"]
[Round "2"]
[White "Johannessen, Leif Erlend"]
[Black "Hammer, Jon Ludvig"]
[Result "0-1"]
[WhiteElo "2462"]
[BlackElo "2631"]
[PlyCount "92"]
[EventDate "2018.07.06"]
[EventType "swiss"]
[EventRounds "9"]
[EventCountry "NOR"]
[SourceTitle "CBM 185 Extra"]
[Source "ChessBase"]
[SourceDate "2018.07.29"]
[SourceVersion "1"]
[SourceVersionDate "2018.07.29"]
[SourceQuality "1"]

1. d4 d5 2. c4 e6 3. Nc3 c6 4. Nf3 Nf6 5. e3 Nbd7 6. Qc2 Bd6 7. Be2 dxc4 8. Bxc4 0-0 9. 0-0 b5 10. Bd3 Bb7 11. Ng5 h6 12. Nge4 Nxe4 13. Nxe4 Be7 14. Bd2 c5 15. Bxb5 cxd4 16. exd4 Nf6 17. Nc5 Bxg2 18. Kxg2 Qxd4 19. b4 Rac8 20. Ba6 Bxc5 21. Bxc8 Qg4+ 22. Kh1 Qf3+ 23. Kg1 Qg4+ 24. Kh1 Qf3+ 25. Kg1 Bd6 26. Qd1 Qh3 27. f4 Rxc8 28. Qf3 Qf5 29. Rac1 Rc2 30. Rxc2 Qxc2 31. Be3 Qxa2 32. Qa8+ Kh7 33. Qxa7 Qe2 34. Qd4 Ng4 35. Bf2 Nxh2 36. Kxh2 Qxf1 37. Qxd6 Qxf2+ 38. Kh3 Qf3+ 39. Kh2 Qe2+ 40. Kg3 h5 41. Qe5 Qd1 42. b5 Qh1 43. Qe2 h4+ 44. Kg4 Kg6 45. f5+ exf5+ 46. Kf4 Qd5 0-1

[Event "NOR-chT 1718"]
[Site "Norway"]
[Date "2018.03.03"]
[Round "8.1"]
[White "Tari, Aryan"]
[Black "Johannessen, Leif Erlend"]
[Result "1-0"]
[WhiteElo "2581"]
[BlackElo "2469"]
[PlyCount "100"]
[EventDate "2017.11.03"]
[EventType "team-tourn"]
[EventRounds "9"]
[EventCountry "NOR"]
[SourceTitle "EXT 2019"]
[Source "ChessBase"]
[SourceDate "2018.10.10"]
[SourceVersion "1"]
[SourceVersionDate "2018.10.10"]
[SourceQuality "1"]
[WhiteTeam "Valerenga"]
[BlackTeam "OSS"]
[WhiteTeamCountry "NOR"]
[BlackTeamCountry "NOR"]

1. e4 e5 2. Nf3 Nc6 3. d4 exd4 4. Nxd4 Bb4+ 5. c3 Bc5 6. Be3 Bb6 7. Nf5 Bxe3 8. Nxe3 d6 9. c4 Nge7 10. Nc3 0-0 11. Bd3 f5 12. exf5 Nxf5 13. Bxf5 Bxf5 14. 0-0 Qd7 15. Qd2 Rae8 16. f4 Kh8 17. Rae1 Ne7 18. Qd4 Nc6 19. Qd1 Nb4 20. Qd2 Nd3 21. Re2 Nc5 22. Nxf5 Qxf5 23. Nd5 Ne4 24. Qd4 c6 25. Ne3 Qc5 26. Nc2 Qxd4+ 27. Nxd4 Nc5 28. Rfe1 Rxe2 29. Rxe2 g6 30. g3 Rf7 31. b4 Na4 32. b5 c5 33. Re8+ Kg7 34. Ne6+ Kf6 35. Ng5 Re7 36. Rd8 Nb6 37. Rxd6+ Kf5 38. Kf2 Nxc4 39. Rd5+ Kf6 40. Rxc5 Nd6 41. Kf3 Nf5 42. Ne4+ Kf7 43. Rd5 Rc7 44. g4 Ne7 45. Rd2 h6 46. h4 h5 47. Ng5+ Ke8 48. gxh5 gxh5 49. Ne6 Rc3+ 50. Ke4 Rh3 1-0

[Event "EU-Cup 33rd"]
[Site "Antalya"]
[Date "2017.10.14"]
[Round "7.2"]
[White "Johannessen, Leif Erlend"]
[Black "Sylvan, Jacob"]
[Result "1/2-1/2"]
[WhiteElo "2496"]
[BlackElo "2363"]
[PlyCount "68"]
[EventDate "2017.10.08"]
[EventType "team-swiss"]
[EventRounds "7"]
[EventCountry "TUR"]
[SourceTitle "CBM 181"]
[Source "ChessBase"]
[SourceDate "2017.11.10"]
[SourceVersion "1"]
[SourceVersionDate "2017.11.10"]
[SourceQuality "1"]
[WhiteTeam "Oslo Schakselskap"]
[BlackTeam "Nordkalotten"]
[WhiteTeamCountry "NOR"]
[BlackTeamCountry "DEN"]

1. d4 d5 2. Nf3 Nf6 3. c4 c6 4. Nc3 e6 5. e3 Nbd7 6. Qc2 Bd6 7. b3 0-0 8. Be2 b6 9. 0-0 Bb7 10. Bb2 Qe7 11. Rad1 Rad8 12. Rfe1 Rfe8 13. Bf1 e5 14. dxe5 Nxe5 15. Nxe5 Bxe5 16. g3 c5 17. cxd5 Nxd5 18. Nxd5 Rxd5 19. Bg2 Rxd1 20. Rxd1 Bxg2 21. Kxg2 Bxb2 22. Qxb2 Rd8 23. Qe5 Kf8 24. Rxd8+ Qxd8 25. Qe4 g6 26. Qb7 Qe7 27. Qc6 Kg7 28. h4 h5 29. a4 Qe6 30. Qb5 a6 31. Qd3 Qc6+ 32. Kf1 b5 33. axb5 axb5 34. Ke2 Kg8 1/2-1/2

[Event "EU-Cup 33rd"]
[Site "Antalya"]
[Date "2017.10.13"]
[Round "6.2"]
[White "Johannessen, Leif Erlend"]
[Black "Asadli, Vugar Afgan Oglu"]
[Result "0-1"]
[WhiteElo "2496"]
[BlackElo "2448"]
[PlyCount "84"]
[EventDate "2017.10.08"]
[EventType "team-swiss"]
[EventRounds "7"]
[EventCountry "TUR"]
[SourceTitle "CBM 181"]
[Source "ChessBase"]
[SourceDate "2017.11.10"]
[SourceVersion "1"]
[SourceVersionDate "2017.11.10"]
[SourceQuality "1"]
[WhiteTeam "Oslo Schakselskap"]
[BlackTeam "Genc Ara"]
[WhiteTeamCountry "NOR"]
[BlackTeamCountry "TUN"]

1. d4 d5 2. c4 c6 3. Nf3 Nf6 4. Nc3 e6 5. e3 Nbd7 6. Qc2 Bd6 7. b3 0-0 8. Be2 Qe7 9. 0-0 dxc4 10. bxc4 e5 11. c5 Bc7 12. Ba3 Ba5 13. Bc4 e4 14. Nd2 Re8 15. f3 exf3 16. Rxf3 b5 17. Bf1 Nf8 18. h3 Be6 19. Bb2 Bxc3 20. Bxc3 Bd5 21. Rxf6 Qxf6 22. e4 Qg6 23. Bd3 Bc4 24. Bxc4 bxc4 25. Re1 Ne6 26. Re3 Rad8 27. Nf3 Nf4 28. Nh4 Qg5 29. Nf5 Qxf5 30. exf5 Rxe3 31. Qf2 Re4 32. Qf3 Rde8 33. d5 Nxd5 34. Qg3 g6 35. fxg6 hxg6 36. Bd2 Re2 37. Bh6 c3 38. Kh2 c2 39. Bc1 Ne3 40. Qd6 Rxg2+ 41. Kh1 Rf2 42. Qxc6 Rd8 0-1

[Event "NOR-chT 1617"]
[Site "Norway"]
[Date "2017.03.05"]
[Round "9.5"]
[White "Elsness, Frode"]
[Black "Johannessen, Leif Erlend"]
[Result "1/2-1/2"]
[WhiteElo "2444"]
[BlackElo "2497"]
[PlyCount "124"]
[EventDate "2016.10.28"]
[EventType "team-tourn"]
[EventRounds "9"]
[EventCountry "NOR"]
[SourceTitle "EXT 2018"]
[Source "ChessBase"]
[SourceDate "2017.10.13"]
[SourceVersion "1"]
[SourceVersionDate "2017.10.13"]
[SourceQuality "1"]
[WhiteTeam "Oslo SK 1911"]
[BlackTeam "OSS"]
[WhiteTeamCountry "NOR"]
[BlackTeamCountry "NOR"]

1. d4 Nf6 2. c4 e6 3. g3 d5 4. Nf3 Bb4+ 5. Bd2 Bd6 6. Nc3 0-0 7. Bg5 c6 8. e4 dxe4 9. Nxe4 Bb4+ 10. Nc3 h6 11. Bf4 c5 12. a3 Bxc3+ 13. bxc3 Qa5 14. dxc5 Rd8 15. Qc2 Bd7 16. Be2 Na6 17. 0-0 Nxc5 18. Qb2 Nfe4 19. Qb4 b6 20. Rac1 f6 21. Nd2 Ng5 22. Be3 Bc6 23. h4 Nge4 24. Nxe4 Nxe4 25. Qxa5 bxa5 26. Bf3 Rac8 27. Rfd1 Rxd1+ 28. Bxd1 Nd6 29. Be2 Ba4 30. Bxa7 Nxc4 31. Bxc4 Rxc4 32. Bb6 Rc6 33. Bxa5 Rd6 34. Kf1 Rd1+ 35. Rxd1 Bxd1 36. Ke1 Bb3 37. Kd2 Bc4 38. Ke3 e5 39. f4 exf4+ 40. gxf4 g5 41. Bd8 gxf4+ 42. Kxf4 Kf7 43. a4 Ke6 44. a5 h5 45. Ke4 f5+ 46. Kd4 Bf1 47. Kc5 Kd7 48. Bb6 Bg2 49. Kd4 Ke6 50. Bc7 Bh1 51. Bf4 Bg2 52. Bg3 Bh1 53. Bf4 Bg2 54. Bh6 Bh1 55. Bg7 Kd6 56. Bf8+ Ke6 57. Ke3 Kd5 58. a6 Kc6 59. a7 Kb6 60. Kf4 Kxa7 61. Kg5 Bf3 62. Kxf5 Kb7 1/2-1/2

[Event "Lund CellaVision Cup"]
[Site "Lund"]
[Date "2016.08.07"]
[Round "7"]
[White "Johannessen, Leif Erlend"]
[Black "Boe, Mads"]
[Result "1/2-1/2"]
[WhiteElo "2495"]
[BlackElo "2316"]
[PlyCount "49"]
[EventDate "2016.08.05"]
[EventType "swiss"]
[EventRounds "8"]
[EventCountry "SWE"]
[SourceTitle "CBM 173 Extra"]
[Source "ChessBase"]
[SourceDate "2016.08.29"]
[SourceVersion "1"]
[SourceVersionDate "2016.08.29"]
[SourceQuality "1"]

1. d4 f5 2. c4 Nf6 3. Nc3 e6 4. Nf3 d5 5. Bf4 c6 6. e3 Bd6 7. Bd3 0-0 8. 0-0 b6 9. Rc1 Ne4 10. Bxd6 Qxd6 11. cxd5 exd5 12. Ne5 Bb7 13. f3 Nxc3 14. Rxc3 Nd7 15. f4 g6 16. Qa4 Nxe5 17. fxe5 Qe7 18. b4 a5 19. b5 c5 20. Qa3 Rac8 21. Be2 Rfe8 22. Rfc1 c4 23. Qxe7 Rxe7 24. a4 Rd8 25. Bf3 1/2-1/2

[Event "Fagernes op"]
[Site "Fagernes"]
[Date "2016.03.22"]
[Round "3.6"]
[White "Johannessen, Leif Erlend"]
[Black "Haug, Johannes"]
[Result "1-0"]
[WhiteElo "2497"]
[BlackElo "2267"]
[PlyCount "53"]
[EventDate "2016.03.20"]
[EventType "swiss"]
[EventRounds "9"]
[EventCountry "NOR"]
[SourceTitle "CBM 171 Extra"]
[Source "ChessBase"]
[SourceDate "2016.04.26"]
[SourceVersion "1"]
[SourceVersionDate "2016.04.26"]
[SourceQuality "1"]

1. Nf3 Nf6 2. d4 e6 3. c4 b6 4. a3 Ba6 5. Qc2 Bb7 6. Nc3 c5 7. e4 cxd4 8. Nxd4 Nc6 9. Nxc6 Bxc6 10. Bf4 Bc5 11. Rd1 Nh5 12. Bc1 Qf6 13. Qe2 Qg6 14. g3 Nf6 15. Bg2 h5 16. b4 Be7 17. h3 0-0 18. 0-0 e5 19. Kh2 h4 20. gxh4 Rac8 21. Bf3 Nh7 22. Rg1 Qe6 23. Bg4 Qf6 24. Bf5 Qxh4 25. Rg4 Qf6 26. Rdg1 Rfe8 27. Rxg7+ 1-0

[Event "EU-ch blitz"]
[Site "Minsk"]
[Date "2015.12.18"]
[Round "13.15"]
[White "Johannessen, Leif Erlend"]
[Black "Ragger, Markus"]
[Result "1-0"]
[WhiteElo "2487"]
[BlackElo "2687"]
[PlyCount "103"]
[EventDate "2015.12.18"]
[EventType "swiss (blitz)"]
[EventRounds "22"]
[EventCountry "BLR"]
[SourceTitle "EXT 2017"]
[Source "ChessBase"]
[SourceDate "2016.10.25"]
[SourceVersion "1"]
[SourceVersionDate "2016.10.25"]
[SourceQuality "1"]

1. d4 d5 2. c4 c6 3. Nf3 Nf6 4. Nc3 dxc4 5. a4 Bf5 6. e3 e6 7. Bxc4 Bb4 8. 0-0 Nbd7 9. Nh4 0-0 10. h3 a5 11. Nxf5 exf5 12. Qf3 g6 13. g4 fxg4 14. hxg4 c5 15. Rd1 h5 16. gxh5 Nxh5 17. Qg4 Kg7 18. dxc5 Ne5 19. Rxd8 Nxg4 20. Rxa8 Rxa8 21. Be2 Nhf6 22. Bd2 Rc8 23. Be1 Rxc5 24. Rd1 Ne5 25. Kg2 Nc4 26. Bxc4 Rxc4 27. Kf3 g5 28. Ke2 Kg6 29. Rd8 g4 30. Rb8 Rc7 31. Bd2 Rd7 32. Rc8 Kf5 33. Rc4 b6 34. Bc1 Bxc3 35. Rxc3 Ne4 36. Rc6 Rd6 37. Rc7 Nc5 38. Rxf7+ Kg5 39. e4+ Kg6 40. Rf4 Kh5 41. Be3 Rc6 42. e5 Ne6 43. Rf6 g3 44. f3 Nf4+ 45. Bxf4 g2 46. Rxc6 g1N+ 47. Kf1 Nxf3 48. Kf2 Nd4 49. Rxb6 Kg4 50. Be3 Nf5 51. Bc5 Kf4 52. e6 1-0

[Event "Lund CellaVision Cup"]
[Site "Lund"]
[Date "2015.08.08"]
[Round "6"]
[White "Cramling, Pia"]
[Black "Johannessen, Leif Erlend"]
[Result "1/2-1/2"]
[WhiteElo "2512"]
[BlackElo "2517"]
[PlyCount "122"]
[EventDate "2015.08.07"]
[EventType "swiss"]
[EventRounds "8"]
[EventCountry "SWE"]
[SourceTitle "CBM 167 Extra"]
[Source "ChessBase"]
[SourceDate "2015.09.14"]
[SourceVersion "1"]
[SourceVersionDate "2015.09.14"]
[SourceQuality "1"]

1. d4 Nf6 2. Nf3 e6 3. g3 d5 4. Bg2 Be7 5. 0-0 0-0 6. Nbd2 b6 7. c4 Bb7 8. b3 Nbd7 9. Bb2 c5 10. Rc1 Rc8 11. Rc2 dxc4 12. Nxc4 b5 13. Ncd2 cxd4 14. Rxc8 Qxc8 15. Bxd4 Qa8 16. Qa1 Rc8 17. Rc1 a6 18. Qb2 Bf8 19. Ne1 Bxg2 20. Rxc8 Qxc8 21. Kxg2 Nd5 22. Ndf3 f6 23. Qc2 Qxc2 24. Nxc2 e5 25. Bb2 Kf7 26. Nd2 Ke6 27. Kf3 Nb4 28. Nxb4 Bxb4 29. Nb1 f5 30. e4 g6 31. Bc3 Bc5 32. Nd2 Nf6 33. h3 h5 34. a4 Bb6 35. axb5 axb5 36. exf5+ gxf5 37. Ke2 Nd5 38. Bb2 e4 39. Bg7 h4 40. Bh8 Bc7 41. gxh4 Nf4+ 42. Kf1 Ng6 43. Bc3 Nxh4 44. Bd4 Ba5 45. Be3 Kf6 46. Ke2 Ng2 47. Bh6 Kg6 48. Be3 f4 49. Bc5 f3+ 50. Nxf3 exf3+ 51. Kxf3 Ne1+ 52. Ke4 Ng2 53. b4 Bd8 54. Kd5 Kf5 55. Kc6 Nf4 56. Kxb5 Nxh3 57. Kc6 Nf4 58. b5 Ne6 59. b6 Nxc5 60. Kxc5 Bxb6+ 61. Kxb6 Kf4 1/2-1/2

[Event "Lund CellaVision Cup"]
[Site "Lund"]
[Date "2015.08.07"]
[Round "4"]
[White "Eklund, Lars Goran"]
[Black "Johannessen, Leif Erlend"]
[Result "1-0"]
[WhiteElo "2243"]
[BlackElo "2517"]
[PlyCount "89"]
[EventDate "2015.08.07"]
[EventType "swiss"]
[EventRounds "8"]
[EventCountry "SWE"]
[SourceTitle "CBM 167 Extra"]
[Source "ChessBase"]
[SourceDate "2015.09.14"]
[SourceVersion "1"]
[SourceVersionDate "2015.09.14"]
[SourceQuality "1"]

1. Nf3 f5 2. c4 Nf6 3. g3 d6 4. d4 g6 5. b4 Bg7 6. Bb2 0-0 7. Bg2 Qe8 8. Nbd2 e5 9. dxe5 Ng4 10. 0-0 dxe5 11. h3 Nh6 12. Qb3 Nf7 13. e4 Be6 14. Qc2 Na6 15. a3 c5 16. b5 Nb8 17. Rfe1 Nd7 18. Nh2 f4 19. gxf4 exf4 20. Bxg7 Kxg7 21. Qc3+ Nde5 22. Ndf3 Bc8 23. Rad1 Qe7 24. Rd5 Re8 25. Red1 Qf6 26. Nxe5 Nxe5 27. Qa1 b6 28. Nf3 Nxf3+ 29. Bxf3 Qxa1 30. Rxa1 Be6 31. a4 Bxd5 32. cxd5 a6 33. Rb1 axb5 34. Rxb5 Rxa4 35. Rxb6 Raxe4 36. Bxe4 Rxe4 37. Rc6 c4 38. Kg2 Rd4 39. Kf3 h5 40. h4 Kh6 41. d6 Kg7 42. d7 Kh6 43. Rxc4 Rxd7 44. Rxf4 Rd3+ 45. Kg2 1-0

[Event "Lund CellaVision Cup"]
[Site "Lund"]
[Date "2015.08.07"]
[Round "1"]
[White "Johannessen, Leif Erlend"]
[Black "Johansson, Roland"]
[Result "1-0"]
[WhiteElo "2517"]
[BlackElo "1983"]
[PlyCount "77"]
[EventDate "2015.08.07"]
[EventType "swiss"]
[EventRounds "8"]
[EventCountry "SWE"]
[SourceTitle "CBM 167 Extra"]
[Source "ChessBase"]
[SourceDate "2015.09.14"]
[SourceVersion "1"]
[SourceVersionDate "2015.09.14"]
[SourceQuality "1"]

1. d4 f5 2. Bg5 h6 3. Bh4 g5 4. e3 Nf6 5. Bg3 d6 6. h4 g4 7. h5 Be6 8. Ne2 Bf7 9. Nf4 Nc6 10. Bb5 e5 11. dxe5 dxe5 12. Qxd8+ Rxd8 13. Ng6 Bxg6 14. Bxe5 Kf7 15. hxg6+ Kxg6 16. Bxc6 bxc6 17. Bxc7 Rd7 18. Be5 Bb4+ 19. c3 Rhd8 20. Bxf6 Kxf6 21. Rxh6+ Kg5 22. Rxc6 Rd1+ 23. Ke2 Be7 24. Rc4 Bf6 25. Rd4 Bxd4 26. Kxd1 Bxc3+ 27. Kc2 Be1 28. f3 Bf2 29. Nc3 Bxe3 30. Rd1 Bd4 31. Ne2 Rc8+ 32. Kb1 Be3 33. Rd5 Rh8 34. Ng3 gxf3 35. Nxf5 Rh1+ 36. Kc2 fxg2 37. Nxe3+ Kf4 38. Nxg2+ Kg3 39. Ne3 1-0

[Event "Sitges op 41st"]
[Site "Sitges"]
[Date "2015.07.24"]
[Round "3"]
[White "Johannessen, Leif Erlend"]
[Black "Ryan, Joseph"]
[Result "1-0"]
[WhiteElo "2517"]
[BlackElo "2169"]
[PlyCount "63"]
[EventDate "2015.07.22"]
[EventType "swiss"]
[EventRounds "9"]
[EventCountry "ESP"]
[SourceTitle "EXT 2016"]
[Source "ChessBase"]
[SourceDate "2015.10.08"]
[SourceVersion "1"]
[SourceVersionDate "2015.10.08"]
[SourceQuality "1"]

1. d4 Nf6 2. Nf3 d5 3. c4 e6 4. Nc3 Bb4 5. e3 0-0 6. Bd3 b6 7. 0-0 Bb7 8. cxd5 exd5 9. a3 Bd6 10. b4 a6 11. Qb3 Qe7 12. Rb1 Nbd7 13. a4 Ne4 14. Nxd5 Bxd5 15. Qxd5 Nc3 16. Qb3 Nxb1 17. Qxb1 h6 18. b5 axb5 19. axb5 Rfe8 20. e4 Qd8 21. e5 Bf8 22. Bc4 Nb8 23. Bxh6 gxh6 24. Qg6+ Bg7 25. Bxf7+ Kf8 26. Qf5 Ke7 27. Nh4 Qd7 28. Ng6+ Kd8 29. e6 Qxd4 30. Bxe8 Ra1 31. e7+ Kxe8 32. Qc8+ 1-0